Crítica de las píldoras julianas (Record no. 103055)

MARC details
000 -LEADER
campo de control de longitud fija 00688nam a2200169 i 4500
001 - NÚMERO DE CONTROL
campo de control 103055
003 - IDENTIFICADOR DE NÚMERO DE CONTROL
campo de control ES-MaACL
005 - FECHA Y HORA DE LA ÚLTIMA TRANSACCIÓN
campo de control 20230906183245.0
007 - CAMPO FIJO DE DESCRIPCIÓN FÍSICA--INFORMACIÓN GENERAL
campo de control de longitud fija t|
008 - DATOS DE LONGITUD FIJA--INFORMACIÓN GENERAL
campo de control de longitud fija 060109s1798 sp ||||1| spa d
080 ## - NÚMERO DE LA CLASIFICACIÓN DECIMAL UNIVERSAL
Número de la Clasificación Decimal Universal 615.2"17"
245 00 - MENCIÓN DEL TÍTULO
Título Crítica de las píldoras julianas
Resto del título : disertacion farmaceútico-chimica, en que se demuestra por principios su verdadera composicion y todos sus defectos para desengaño del publico /
Mención de responsabilidad, etc. su autor D. M. H. D. G.
260 ## - PUBLICACIÓN, DISTRIBUCIÓN, ETC.
Lugar de publicación, distribución, etc. En Alcalá :
Nombre del editor, distribuidor, etc. En la Oficina de la Real Universidad,
Fecha de publicación, distribución, etc. 1798.
300 ## - DESCRIPCIÓN FÍSICA
Extensión 30 p. ;
Dimensiones 20 cm.
650 14 - PUNTO DE ACCESO ADICIONAL DE MATERIA--TÉRMINO DE MATERIA
Término de materia o nombre geográfico como elemento de entrada Medicamentos-
Subdivisión de forma Obras anteriores a 1800.
9 (RLIN) 14888
852 ## - LOCALIZACIÓN
Ubicación ES-MaACL
Número de control de estantería R-3431(6)
Holdings
Estatus retirado Estado de pérdida Estado de daño No para préstamo Colección Biblioteca de origen Biblioteca actual Ubicación en estantería Fecha de adquisición Fuente de adquisición Total de préstamos Signatura topográfica completa Código de barras Visto por última vez Precio de reemplazo Tipo de ítem Koha
        Libros del s. XVIII Biblioteca del Ateneo de Madrid Biblioteca del Ateneo de Madrid Depósito 17/01/2008     R-3431(6) 1107613 23/02/2023 23/02/2023 Libro impreso antiguo